Umweltsoziologie

Guardado en:  
Detalles Bibliográficos
Otros Autores: Diekmann, Andreas 1951- (Editor) ; Jaeger, Carlo C. (Otro)
Tipo de documento: Print Libro
Lenguaje:Alemán
Inglés
Publicado: Opladen Westdt. Verlag 1996
En: Kölner Zeitschrift für Soziologie und Sozialpsychologie / Sonderhefte (36)
Año: 1996
Acceso en línea: Portada
Portada
Índice
Índice
Disponibilidad en Tübingen:Disponible en Tübingen.
IFK: O XI 71
Verificar disponibilidad: HBZ Gateway
Servicio de pedido Subito: Pedir ahora.
Palabras clave:

MARC

LEADER 00000cam a2200000 c 4500
001 216421586
003 DE-627
005 20260206195240.0
007 tu
008 961016s1996 gw ||||| 00| ||ger c
015 |a 96,N43,0107  |2 dnb 
015 |a 97,A07,0703  |2 dnb 
016 7 |a 948741015  |2 DE-101 
020 |a 3531126881  |c kart. : DM 79.50, DM 59.50 (Abo-Pr.)  |9 3-531-12688-1 
035 |a (DE-627)216421586 
035 |a (DE-603)050270818 
035 |a (DE-576)055374883 
035 |a (DE-599)DNB948741015 
035 |a (OCoLC)246413520 
035 |a (OCoLC)246413520 
035 |a (DE-H357)his16052 
040 |a DE-627  |b ger  |c DE-627  |e rakwb 
041 |a ger  |a eng 
044 |c XA-DE  |c XA-DE-NW 
082 0 |a 363.7  |2 DDC21oclc 
084 |a SOP 2080  |2 sfb 
084 |a 44  |2 sdnb 
084 |a 44  |a 14  |2 sdnb 
084 |a 1  |2 ssgn 
084 |a MS 8950  |2 rvk  |0 (DE-625)rvk/123822: 
084 |a MS 1700  |2 rvk  |0 (DE-625)rvk/123609: 
084 |a AR 14300  |2 rvk  |0 (DE-625)rvk/8326: 
084 |a MP 2000  |2 rvk  |0 (DE-625)rvk/123404: 
084 |a CV 9000  |2 rvk  |0 (DE-625)rvk/19170: 
084 |a QT 000  |2 rvk  |0 (DE-625)rvk/142105: 
084 |a 43.00  |2 bkl 
084 |a 43.02  |2 bkl 
084 |a 71.99  |2 bkl 
245 0 0 |a Umweltsoziologie  |c hrsg. von Andreas Diekmann und Carlo C. Jaeger 
264 1 |a Opladen  |b Westdt. Verlag  |c 1996 
300 |a 584 S.  |b graph. Darst.  |c 24 cm 
336 |a Text  |b txt  |2 rdacontent 
337 |a ohne Hilfsmittel zu benutzen  |b n  |2 rdamedia 
338 |a Band  |b nc  |2 rdacarrier 
490 1 |a Kölner Zeitschrift für Soziologie und Sozialpsychologie  |a Sonderhefte  |v 36 
500 |a Literaturangaben 
505 8 |a Literaturangaben 
650 0 7 |0 (DE-588)4061616-2  |0 (DE-627)106135023  |0 (DE-576)209140615  |a Umwelt  |2 gnd 
650 0 7 |0 (DE-588)4077624-4  |0 (DE-627)104152036  |0 (DE-576)209205849  |a Soziologie  |2 gnd 
650 4 |a Umweltbewußtsein, Umweltpolitik, Soziologie, Ökologie, Computer-Simulation 
655 7 |a Aufsatzsammlung  |0 (DE-588)4143413-4  |0 (DE-627)105605727  |0 (DE-576)209726091  |2 gnd-content 
689 0 0 |d s  |0 (DE-588)4061616-2  |0 (DE-627)106135023  |0 (DE-576)209140615  |a Umwelt  |2 gnd 
689 0 1 |d s  |0 (DE-588)4077624-4  |0 (DE-627)104152036  |0 (DE-576)209205849  |a Soziologie  |2 gnd 
689 0 |5 DE-101 
689 1 0 |d s  |0 (DE-588)126250502X  |0 (DE-627)1810192331  |a Umweltsoziologie  |2 gnd 
689 1 1 |d s  |0 (DE-588)4043208-7  |0 (DE-627)106210750  |0 (DE-576)209054719  |a Sozialökologie  |2 gnd 
689 1 |5 (DE-627) 
700 1 |a Diekmann, Andreas  |d 1951-  |e Hrsg.  |0 (DE-588)115566422  |0 (DE-627)077333527  |0 (DE-576)160732468  |4 edt 
700 1 |a Jaeger, Carlo C.  |4 oth 
830 0 |a Kölner Zeitschrift für Soziologie und Sozialpsychologie / Sonderhefte  |v 36  |9 36  |w (DE-627)129473820  |w (DE-576)014851598  |w (DE-600)202953-4  |x 0454-1340  |7 am 
856 4 2 |u http://www.gbv.de/dms/hebis-mainz/toc/050270818.pdf  |m V:DE-603  |m B:DE-77  |q pdf/application  |x Verlag  |y Inhaltsverzeichnis  |3 Inhaltsverzeichnis  |7 1 
856 4 2 |u https://swbplus.bsz-bw.de/bsz055374883cov.jpg  |m V:DE-576  |m X:springer  |q image/jpeg  |v 20130405112032  |3 Cover  |7 1 
856 4 2 |u http://scans.hebis.de/HEBCGI/show.pl?05027081_toc.pdf  |m V:DE-603;B:DE-77  |q application/pdf  |3 Inhaltsverzeichnis  |7 1 
856 4 2 |u http://scans.hebis.de/HEBCGI/show.pl?05027081_cov.jpg  |m V:DE-576;X:springer  |q image/jpeg  |3 Cover  |7 1 
889 |w (DE-627)27315088X 
935 |a mteo 
936 r v |a MS 8950  |b Allgemeine Darstellungen  |k Soziologie  |k Spezielle Soziologien  |k Umweltsoziologie  |k Allgemeine Darstellungen  |0 (DE-627)1463820550  |0 (DE-625)rvk/123822:  |0 (DE-576)393820556 
936 r v |a MS 1700  |b Umweltschutz und -planung (soziologisch)  |k Soziologie  |k Spezielle Soziologien  |k Gemeindesoziologie  |k Umweltschutz und -planung (soziologisch)  |0 (DE-627)1271366711  |0 (DE-625)rvk/123609:  |0 (DE-576)201366711 
936 r v |a AR 14300  |b Umwelt und Gesellschaft, Mensch-Umwelt-Beziehungen  |k Allgemeines  |k Naturschutz und Umweltschutz  |k Umweltschutz, Umweltprobleme  |k Umwelt und Gesellschaft, Mensch-Umwelt-Beziehungen  |0 (DE-627)1270695649  |0 (DE-625)rvk/8326:  |0 (DE-576)200695649 
936 r v |a MP 2000  |b Sonderhefte und Sonderdrucke (soweit nicht fachlich zuzuordnen)  |k Soziologie  |k Handbücher und Nachschlagewerke  |k Sonderhefte und Sonderdrucke (soweit nicht fachlich zuzuordnen)  |0 (DE-627)1271427303  |0 (DE-625)rvk/123404:  |0 (DE-576)201427303 
936 r v |a CV 9000  |b Umweltpsychologie  |k Psychologie  |k Sozialpsychologie  |k Umweltpsychologie  |0 (DE-627)127085707X  |0 (DE-625)rvk/19170:  |0 (DE-576)20085707X 
936 r v |a QT 000  |b Allgemeines  |k Wirtschaftswissenschaften  |k Umweltökonomie  |k Allgemeines  |0 (DE-627)1270742299  |0 (DE-625)rvk/142105:  |0 (DE-576)200742299 
936 b k |a 43.00  |j Umweltforschung  |j Umweltschutz: Allgemeines  |0 (DE-627)106423290 
936 b k |a 43.02  |j Philosophie und Theorie der Umweltforschung und des Umweltschutzes  |0 (DE-627)106416979 
936 b k |a 71.99  |j Soziologie: Sonstiges  |0 (DE-627)106423452 
936 s n |a a500  |2 mzub 
936 s n |a c200  |2 mzub 
936 s n |a m200  |2 mzub 
936 s n |a q100  |2 mzub 
936 s n |a z210  |2 mzub 
951 |a BO 
ELC |b 1 
LOK |0 000 xxxxxcx a22 zn 4500 
LOK |0 001 3153289433 
LOK |0 003 DE-627 
LOK |0 004 216421586 
LOK |0 005 20020607000000 
LOK |0 008 970411||||||||||||||||ger||||||| 
LOK |0 040   |a DE-21-110  |c DE-627  |d DE-21-110 
LOK |0 852   |a DE-21-110 
LOK |0 852 1  |c O XI 71  |m p  |9 00 
LOK |0 935   |a k110 
LOK |0 936ln  |a 7.3.1.5 
LOK |0 938   |k p 
LOK |0 939   |a 11-04-97  |b l01 
ORI |a SA-MARC-krimdoka001.raw 
SIG |a IFK: O XI 71